| 000 | 00625cam a2200169ua 4500 | ||
|---|---|---|---|
| 020 | _c1.50 | ||
| 041 |
_amal _h |
||
| 110 | 1 |
_aEducational supplies depot . _b _c() |
|
| 245 | _aDakshinabasha kathakal | ||
| 250 |
_a1 / _b. |
||
| 260 |
_aPalghat : _bThe educational supplies depot , _c1959. |
||
| 300 | _a162 ; . | ||
| 365 | _a1.50 | ||
| 504 | _a | ||
| 942 | _cBK | ||
| 999 |
_c12572 _d12572 |
||